| 000 | 01265nam a2200265 a 4500 | ||
|---|---|---|---|
| 001 | 000030126 | ||
| 003 | DO-SdBNP | ||
| 005 | 20250703114442.0 | ||
| 008 | 110429s2006 dr 000 0 spa d | ||
| 040 |
_aDO-SdBNP _bspa _cBNPHU |
||
| 082 |
_a378.7293 _bF727s |
||
| 111 | 1 |
_aForo Presidencial por la Excelencia de la Educación _d(2006 : _cSanto Domingo) _956821 |
|
| 245 | 1 | 0 | _aSituación y perspectivas de la calidad y la excelencia en la educación superior ante los requerimientos de la economía basada en el conocimiento. Diversificación |
| 260 |
_aSanto Domingo : _bSEESCYT, _c2006. |
||
| 300 |
_a148 p. ; _c25 cm. |
||
| 500 | _aIncluye referencias bibliográficas y notas al pie de las páginas | ||
| 504 | _aBibliografía : p. 145-148 | ||
| 590 | _aInventariado, 2018/MFF | ||
| 650 | 4 |
_aEducación superior _zRepública Dominicana _xCongresos, conferencias, etc. _99366 |
|
| 650 | 0 |
_aEducación y estado _zRepública Dominicana _xCongresos, conferencias, etc. _951256 |
|
| 650 | 4 |
_aCalidad de la educación _zRepública Dominicana _xCongresos, conferencias, etc. _921345 |
|
| 710 | 1 | 0 |
_aRepública Dominicana. _bSecretaría de Estado de Educación Superior, Ciencia y Tecnología _918778 |
| 910 | _aValidado. Control de calidad MFF | ||
| 942 |
_2ddc _cLBS1 |
||
| 999 |
_c29618 _d29618 |
||